• 首页
  • 本馆介绍
  • 公告通知
  • 最新文献
  • 馆藏检索
  • 电子资源
  • 读者导购
  • 参考咨询
  • 我的图书馆
  • 登录
  • 详细信息显示
  • 放入我的书架
  • 预约/预借图书
  • 作者相关作品
  • 分类相关作品
  • 丛书相关作品
  • 出版社相关作品

书目信息

  • 表格格式
  • 工作单格式
  • 卡片格式
题名:
游泳
    
 
作者: ;少年儿童业余训练游泳教材编写组 编
分册:  
出版信息: 北京   人民体育出版社  1980
页数: 265页
开本: 19cm
丛书名:
单 册:
中图分类: G861.1
科图分类:
主题词: 水上运动 , 冰上运动 , 雪上运动
电子资源:
ISBN:
000 00784nam0 2200277 45
001 0180001388
005 20040507085714.4
010    @dCNY0.91
091    @a7015.1843
100    @a19950523d1980 em y0chiy0121 ea
101 0  @achi
102    @aCN@b110000
105    @ay z 000yy
106    @ar
200 10 @a游泳@Ayou yong@f少年儿童业余训练游泳教材编写组编
210    @a北京@c人民体育出版社@d1980
215    @a265页@d19cm
300    @a少年儿童业余训练教材
606 0  @a水上运动
606 0  @a冰上运动
606 0  @a雪上运动
690    @aG861.1
711 02 @a少年儿童业余训练游泳教材编写组@Ashao nian er tong ye yu xun lian you yong jiao cai bian xie zu@4编
801  0 @aCN@b上海图书馆@c20040507
801  2 @aCN@bNLC@c20040507
905    @f1@b44281@dG861.1@e17@b44283@f1
    
    游泳/少年儿童业余训练游泳教材编写组编.-北京:人民体育出版社,1980
    265页;19cm
    少年儿童业余训练教材
    
    ISBN :CNY0.91
    
●
相关链接 在E读中查询图书 在五车中查询图书 在当当中查询图书 在豆瓣中查询图书


正题名:游泳     索取号:G861.1/17         预约/预借

序号 登录号 条形码 馆藏地/架位号 状态 备注
1 0044281   000306779   密集书库/ [索取号:G861.1/17] 在馆    
2 0044282   001953979   第一样本阅览室/ [索取号:G861.1/17] 在馆    
3 0044283   000306886   密集书库/ [索取号:G861.1/17] 在馆    
唐山师范学院图书馆 欢迎您!
大连网信软件有限公司© 版权所有